Systems Analysis and Design (Record no. 116)

MARC details
000 -LEADER
fixed length control field 00385nam a22001577a 4500
005 - DATE AND TIME OF LATEST TRANSACTION
control field 20180202123649.0
008 - FIXED-LENGTH DATA ELEMENTS--GENERAL INFORMATION
fixed length control field 160427b xxu||||| |||| 00| 0 eng d
020 ## - INTERNATIONAL STANDARD BOOK NUMBER
ISBN 81-203-1670-3
041 ## - LANGUAGE CODE
Language code of text/sound track or separate title eng
082 ## - DEWEY DECIMAL CLASSIFICATION NUMBER
Item number 00362
Classification number 004.21
100 ## - MAIN ENTRY--AUTHOR NAME
Personal name Hawryszkiewycz, Igor
245 ## - TITLE STATEMENT
Title Systems Analysis and Design
260 ## - PUBLICATION, DISTRIBUTION, ETC. (IMPRINT)
Place of publication New Delhi
Name of publisher PHI Pvt Ltd.
Year of publication 2005
300 ## - PHYSICAL DESCRIPTION
Number of Pages 484
942 ## - ADDED ENTRY ELEMENTS (KOHA)
Koha item type Books
Holdings
Lost status Damaged status Collection code Home library Current library Shelving location Date acquired Cost, normal purchase price Full call number Accession Number Koha item type
    CS/IT JRU Library JRU Library SHELF-49-B 27/04/2016 250.00 00362 00362 Books
    CS/IT JRU Library JRU Library SHELF-49-B 27/04/2016 250.00 00362 00363 Books
    CS/IT JRU Library JRU Library SHELF-49-B 27/04/2016 250.00 00362 00364 Books
    CS/IT JRU Library JRU Library SHELF-49-B 27/04/2016 250.00 00362 00365 Books
    CS/IT JRU Library JRU Library SHELF-49-B 27/04/2016 250.00 00362 00366 Books
    CS/IT JRU Library JRU Library SHELF-49-B 27/04/2016 250.00 00362 00367 Books
    CS/IT JRU Library JRU Library SHELF-49-B 27/04/2016 250.00 00362 00368 Books